000 00515cam a22001571 4500
082 _a954.031
_bBOU
100 1 _aBoulger, Demetrius Charles,
_950421
245 1 0 _aLord William Bentinck;
_cby Demetrius C. Boulger ... 3d thousand.
260 _aOxford,
_bClarendon press,
_c1897.
300 _a214 p.
_bfront. (fold. map)
_c20 cm.
490 1 _aRulers of India ... [vol. XVII]
500 _aSeries title also at head of t.-p.
526 _a0
_b0
_c0
_d954_031000000000000_BOU
650 _aMCE
_9379
942 _2ddc
_cBK
999 _c553150
_d553150